| 000 | 00536nam a2200181Ia 4500 | ||
|---|---|---|---|
| 008 | 090201s9999 xx 000 0 und d | ||
| 010 | _aKPL-66419 | ||
| 040 | _bमराठी | ||
| 041 | _aमराठी | ||
| 082 |
_a42593 _b66419 |
||
| 100 | _aचिं त्र्यं खानोलकर | ||
| 245 |
_aअजगर _cचिं त्र्यं खानोलकर |
||
| 250 | _a3 | ||
| 260 |
_c2005 _bमैाज प्रकाशन |
||
| 300 |
_a120 _bमोठा |
||
| 600 | _aअजगर | ||
| 942 | _cBOOK | ||
| 999 |
_c239692 _d239692 |
||